| 000 | 00551nam a2200205Ia 4500 | ||
|---|---|---|---|
| 005 | 20230511110223.0 | ||
| 008 | 131103s9999 xx 000 0 und d | ||
| 040 | _aLoreto College | ||
| 041 | _aEnglish | ||
| 082 |
_a823.91 _bHAR-WIN |
||
| 100 | _aWing, George | ||
| 245 |
_aHardy the novelist _cGeorge Wing |
||
| 260 |
_aEdinburgh _boliver & boyd _c1963 |
||
| 300 | _a119 p. | ||
| 504 | _aIncludes bibliographical references | ||
| 650 | _aHardy - criticism and interpretations | ||
| 651 | _aEnglish fiction | ||
| 850 | _aLCLIB | ||
| 942 | _cBK | ||
| 999 |
_c22478 _d72957 |
||